The International Symposium on Quran and Contemporary issues (Record no. 10384)
[ view plain ]
| 000 -LEADER | |
|---|---|
| fixed length control field | 00969nam a22002057a 4500 |
| 003 - CONTROL NUMBER IDENTIFIER | |
| control field | AUA.1 |
| 005 - DATE AND TIME OF LATEST TRANSACTION | |
| control field | 20130606164501.0 |
| 008 - FIXED-LENGTH DATA ELEMENTS--GENERAL INFORMATION | |
| fixed length control field | 130606t xxu||||| |||| 00| 0 eng d |
| 040 ## - CATALOGING SOURCE | |
| Transcribing agency | AUA |
| 050 ## - LIBRARY OF CONGRESS CALL NUMBER | |
| Classification number | BP1 |
| Item number | .P47 |
| 222 ## - KEY TITLE | |
| Key title | Persia Newsletter |
| 245 ## - TITLE STATEMENT | |
| Title | The International Symposium on Quran and Contemporary issues |
| Remainder of title | Abstracts |
| 260 ## - PUBLICATION, DISTRIBUTION, ETC. (IMPRINT) | |
| Date of publication, distribution, etc | 4th-5th Jun 2011 |
| 300 ## - PHYSICAL DESCRIPTION | |
| Extent | 23p.; |
| Other physical details | ill.; |
| 440 ## - SERIES STATEMENT/ADDED ENTRY--TITLE | |
| Title | The International Symposium on Quran and Contemporary issues |
| Volume number/sequential designation | Vol 1, Issue 12 |
| 9 (RLIN) | 37297 |
| 500 ## - GENERAL NOTE | |
| General note | Contents:<br/>Quran and contemporary science;<br/>Quran and legal challenges;<br/>Quran and economic Justice;<br/>Quran and environmental issues;<br/>Quran and interfaith issues;<br/>Quran and general education;<br/>Quran and leadership;<br/>Quran and education; |
| 700 ## - ADDED ENTRY--PERSONAL NAME | |
| Personal name | K. Mohammed |
| Relator term | Editor |
| 9 (RLIN) | 37298 |
| 942 ## - ADDED ENTRY ELEMENTS (KOHA) | |
| Source of classification or shelving scheme | Library of Congress Classification |
| Koha item type | Periodical |
| Classification part | BP1 |
| Item part | .P47 2011 |
| Withdrawn status | Lost status | Source of classification or shelving scheme | Damaged status | Not for loan | Home library | Current library | Shelving location | Date acquired | Total Checkouts | Full call number | Date last seen | Price effective from | Koha item type |
|---|---|---|---|---|---|---|---|---|---|---|---|---|---|
| Library of Congress Classification | Judith Thomas Library | Judith Thomas Library | Periodicals | 06/06/2013 | BP1 .P47 2011 | 06/06/2013 | 06/06/2013 | Periodical |